• 首页
  • 本馆介绍
  • 公告通知
  • 最新文献
  • 馆藏检索
  • 电子资源
  • 读者导购
  • 参考咨询
  • 我的图书馆
  • 登录
  • 详细信息显示
  • 放入我的书架
  • 预约/预借图书
  • 作者相关作品
  • 分类相关作品
  • 丛书相关作品
  • 出版社相关作品

书目信息

  • 表格格式
  • 工作单格式
  • 卡片格式
题名:
拜占延文明读本
    
 
作者: 廖晓文 编著
分册:  
出版信息: 北京   中国档案出版社  2006
页数: 159页
开本: 21cm
丛书名: 世界文明之旅
单 册:
中图分类: K134
科图分类:
主题词: 文化史
电子资源:
ISBN: 7-80166-522-8
000 00915oam2 2200301 45
001 01012006061501
005 20070116160629.48
010    @a7-80166-522-8@dCNY258.00(全10册)
092    @aCN@b496489
100    @a20060615d2006 em y0chiy0121 ea
101 0  @achi
102    @aCN@b110000
105    @aa z 000yy
200 1  @a拜占延文明读本@9bai zhan yan wen ming du ben@f廖晓文编著
210    @a北京@c中国档案出版社@d2006
215    @a159页@c图@d21cm
225 2  @a世界文明之旅
304    @a题名页误题:瘳晓文
320    @a有书目
330    @a本书内容包括:拜占廷文明源起、千年帝国、千年军事强国、信仰的裂变、新罗马——君世坦丁堡、拜占廷的文学艺术与教育等。
461  0 @12001 @a世界文明之旅
606 0  @a文化史
607    @a拜占庭帝国@x文化史
607    @a拜占庭帝国
690    @aK134@v4
701  0 @a廖晓文@9liao xiao wen@4编著
801  0 @aCN@bLZJBOOK@c20070116
905    @a10447@dK134@e163
    
    拜占延文明读本/廖晓文编著.-北京:中国档案出版社,2006
    159页:图;21cm.-(世界文明之旅)
    
    
    ISBN 7-80166-522-8:CNY258.00(全10册)
    本书内容包括:拜占廷文明源起、千年帝国、千年军事强国、信仰的裂变、新罗马——君世坦丁堡、拜占廷的文学艺术与教育等。
●
相关链接 在E读中查询图书 在五车中查询图书 在当当中查询图书 在豆瓣中查询图书


正题名:拜占延文明读本     索取号:K134/163         预约/预借

序号 登录号 条形码 馆藏地/架位号 状态 备注
1 0567675   205676758   第二样本阅览室/ [索取号:K134/163] 在馆    
2 0567676   205676767   第二借阅区/ [索取号:K134/163] 在馆    
3 0567677   205676776   第二借阅区/ [索取号:K134/163] 在馆    
4 0567678   205676785   第二借阅区/ [索取号:K134/163] 在馆    
5 0567679   205676794   第二借阅区/ [索取号:K134/163] 在馆    
6 0567680   205676801   第二借阅区/ [索取号:K134/163] 在馆    
7 0567681   205676810   第二借阅区/ [索取号:K134/163] 在馆    
8 0567682   205676829   第二借阅区/ [索取号:K134/163] 在馆    
唐山师范学院图书馆 欢迎您!
大连网信软件有限公司© 版权所有